| 000 | 00451nam a22001697a 4500 | ||
|---|---|---|---|
| 005 | 20180618113916.0 | ||
| 008 | 160614b xxu||||| |||| 00| 0 eng d | ||
| 020 | _a0-415-28743-X | ||
| 041 | _aeng | ||
| 082 |
_b7553 _a658 |
||
| 100 |
_aDavies, Gary and others _94379 |
||
| 245 | _aCorporate Reputation and Competitiveness | ||
| 260 |
_aNew Delhi _bVikas Publishing House (P) Ltd. _c2003 |
||
| 300 | _a258 | ||
| 650 |
_aManagement _9241 |
||
| 942 | _cBK | ||
| 999 |
_c2698 _d2697 |
||